| 000 | 00883nam a22002657a 4500 | ||
|---|---|---|---|
| 001 | 6354 | ||
| 003 | FISKH | ||
| 005 | 20250423123459.0 | ||
| 008 | 250423b cb ||||| |||| 00| 0 eng d | ||
| 020 | _a9781848105041 | ||
| 040 |
_aFISKH _beng _cFISKH _dFISKH |
||
| 050 | _aPZ7 | ||
| 082 | _a823.9208 | ||
| 100 | _aGallagher, Belinda | ||
| 245 |
_aTen-minute stories : _bSleeping beauty and other stories / |
||
| 260 |
_aThaxted : _bMiles Kelly Publishing, _c2011. |
||
| 300 |
_a40 unnumbered pages : _bcolor illustrations ; _c28 cm |
||
| 505 | _aO | ||
| 520 | _aSimply retold and wonderfully illustrated, this series brings together charming tales that children will enjoy. Each story takes approximately 10 minutes to read. | ||
| 521 | 8 |
_a600
_bLexile estimate |
|
| 521 | 8 |
_aO
_bRaz-Plus |
|
| 650 | _aStories telling | ||
| 942 |
_2ddc _cBK _n0 |
||
| 999 |
_c6354 _d6354 |
||